000 00483cam a2200205 4500
001 B2742
008 090401t1989 xxu||||| |||| 00| 0 eng d
035 _a(Sirsi) u51835
041 _aeng
050 _a711.552
110 _aChesterton
_92357
245 _aMetrocentre research findings 1988/1989
260 _aLondon
_bChesterton
_c1989
300 _a24p. ; 30cm.
350 _a35
650 _aGATESHEAD
650 _aSHOPPING CENTRES
942 _n0
948 _c04/03/1997
999 _c92965
_d92965